[Event "Stay Safe Play From Home 330"]
[Site "Mustafa Kemal Atatürk"]
[Date "2020.07.24"]
[Round "7"]
[White "Schachwerk_64"]
[Black "SelamiSahin"]
[Result "1/2-1/2"]
[WhiteElo "1863"]
[BlackElo "2171"]
[Annotator "NA"]
[PlyCount "51"]
[EventDate "2020.07.24"]
[EventType "swiss (blitz)"]

1. e4 {[%emt 0:00:02]} c6 {[%emt 0:00:07]} 2. d4 {[%emt 0:00:01]} d5 {[%emt 0:00:00]} 3. Nd2 {[%emt 0:00:02]} dxe4 {[%emt 0:00:01]} 4. Nxe4 {[%emt 0:00:02]} Nf6 {[%emt 0:00:00]} 5. Nxf6+ {[%emt 0:00:03]} exf6 {[%emt 0:00:00]} 6. c3 {[%emt 0:00:09]} Bd6 {[%emt 0:00:01]} 7. Bd3 {[%emt 0:00:08]} O-O {[%emt 0:00:04]} 8. Qc2 {[%emt 0:00:12]} Re8+ {[%emt 0:00:01]} 9. Ne2 {[%emt 0:00:03]} h6 {[%emt 0:00:01]} 10. O-O {[%emt 0:00:32]} Qc7 {[%emt 0:00:03]} 11. Ng3 {[%emt 0:00:03]} Be6 {[%emt 0:00:04]} 12. Bd2 {[%emt 0:00:08]} c5 {[%emt 0:00:01]} 13. dxc5 {[%emt 0:00:27]} Bxc5 {[%emt 0:00:00]} 14. Ne4 {[%emt 0:00:01]} Be7 {[%emt 0:00:18]} 15. g3 {[%emt 0:00:08]} Nc6 {[%emt 0:00:04]} 16. Bf4 {[%emt 0:00:02]} Ne5 {[%emt 0:00:01]} 17. Qe2 {[%emt 0:00:18]} Rad8 {[%emt 0:00:04]} 18. Bc2 {[%emt 0:00:02]} Bc4 {[%emt 0:00:03]} 19. Qh5 {[%emt 0:00:08]} Bxf1 {[%emt 0:00:01]} 20. Rxf1 {[%emt 0:00:06]} Bf8 {[%emt 0:01:18]} 21. Qf5 {[%emt 0:00:02]} g6 {[%emt 0:00:48]} 22. Nxf6+ {[%emt 0:00:07]} Kg7 {[%emt 0:00:02]} 23. Nxe8+ {[%emt 0:00:04]} Rxe8 {[%emt 0:00:00]} 24. Bxe5+ {[%emt 0:00:20]} Rxe5 {[%emt 0:00:11]} 25. Qf4 {[%emt 0:00:03]} Bc5 {[%emt 0:00:05]} 26. Bb3 {[%emt 0:00:02] Schachwerk_64 bietet Remis (Lag: Av=0.57s, max=1.2s)} 1/2-1/2

[Event "Stay Safe Play From Home 330"]
[Site "Mustafa Kemal Atatürk"]
[Date "2020.07.24"]
[Round "7"]
[White "Klasman"]
[Black "Timbre"]
[Result "1-0"]
[WhiteElo "1606"]
[BlackElo "1660"]
[Annotator "NA"]
[PlyCount "67"]
[EventDate "2020.07.24"]
[EventType "swiss (blitz)"]

1. f4 {[%emt 0:00:01]} d5 {[%emt 0:00:18]} 2. e3 {[%emt 0:00:02]} c6 {[%emt 0:00:01]} 3. Nf3 {[%emt 0:00:01]} Nf6 {[%emt 0:00:01]} 4. d4 {[%emt 0:00:01]} Bg4 {[%emt 0:00:03]} 5. c4 {[%emt 0:00:02]} e6 {[%emt 0:00:02]} 6. Qb3 {[%emt 0:00:06]} Qc7 {[%emt 0:00:03]} 7. Ne5 {[%emt 0:00:04]} Bf5 {[%emt 0:00:02]} 8. Nc3 {[%emt 0:00:07]} Ne4 {[%emt 0:00:02]} 9. cxd5 {[%emt 0:00:04]} exd5 {[%emt 0:00:02]} 10. g4 {[%emt 0:00:17]} Nxc3 {[%emt 0:00:11]} 11. bxc3 {[%emt 0:00:07]} Be4 {[%emt 0:00:02]} 12. Rg1 {[%emt 0:00:03]} Nd7 {[%emt 0:00:05]} 13. Bg2 {[%emt 0:00:02]} Bxg2 {[%emt 0:00:05]} 14. Rxg2 {[%emt 0:00:01]} Nxe5 {[%emt 0:00:02]} 15. fxe5 {[%emt 0:00:02]} Qd7 {[%emt 0:00:07]} 16. Ba3 {[%emt 0:00:09]} Bxa3 {[%emt 0:00:04]} 17. Qxa3 {[%emt 0:00:01]} a6 {[%emt 0:00:01]} 18. O-O-O {[%emt 0:00:07]} O-O-O {[%emt 0:00:07]} 19. Rb2 {[%emt 0:00:04]} Qc7 {[%emt 0:00:07]} 20. Qc5 {[%emt 0:00:05]} Kb8 {[%emt 0:00:03]} 21. Rb6 {[%emt 0:00:04]} f6 {[%emt 0:00:06]} 22. exf6 {[%emt 0:00:13]} gxf6 {[%emt 0:00:02]} 23. Rd2 {[%emt 0:00:02]} h5 {[%emt 0:00:04]} 24. Rdb2 {[%emt 0:00:02]} hxg4 {[%emt 0:00:04]} 25. Rxa6 {[%emt 0:00:06]} Rxh2 {[%emt 0:00:06]} 26. Qa7+ {[%emt 0:00:03]} Kc8 {[%emt 0:00:03]} 27. Rxh2 {[%emt 0:00:29]} Qxh2 {[%emt 0:00:08]} 28. Rb6 {[%emt 0:00:15]} Qg1+ {[%emt 0:00:06]} 29. Kb2 {[%emt 0:00:05]} Kd7 {[%emt 0:00:19]} 30. Rxb7+ {[%emt 0:00:08]} Ke8 {[%emt 0:00:02]} 31. Re7+ {[%emt 0:00:01]} Kf8 {[%emt 0:00:02]} 32. Rf7+ {[%emt 0:00:01]} Kg8 {[%emt 0:00:03]} 33. Rg7+ {[%emt 0:00:02]} Kh8 {[%emt 0:00:02]} 34. Rh7+ {[%emt 0:00:02] Timbre resigns (Lag: Av=0.47s, max=0.7s)} 1-0

[Event "Stay Safe Play From Home 330"]
[Site "Mustafa Kemal Atatürk"]
[Date "2020.07.24"]
[Round "7"]
[White "W Nelles"]
[Black "New ton"]
[Result "1-0"]
[WhiteElo "1333"]
[BlackElo "1139"]
[Annotator "NA"]
[PlyCount "145"]
[EventDate "2020.07.24"]
[EventType "swiss (blitz)"]

1. e4 {[%emt 0:00:01]} d5 {[%emt 0:00:02]} 2. Nc3 {[%emt 0:00:01]} dxe4 {[%emt 0:00:02]} 3. Nxe4 {[%emt 0:00:01]} Nc6 {[%emt 0:00:01]} 4. Qf3 {[%emt 0:00:01]} Nf6 {[%emt 0:00:02]} 5. Nxf6+ {[%emt 0:00:01]} exf6 {[%emt 0:00:02]} 6. Bb5 {[%emt 0:00:02]} Bd7 {[%emt 0:00:02]} 7. Bxc6 {[%emt 0:00:01]} Bxc6 {[%emt 0:00:02]} 8. Qe3+ {[%emt 0:00:01]} Be7 {[%emt 0:00:02]} 9. f3 {[%emt 0:00:01]} Qd7 {[%emt 0:00:05]} 10. Ne2 {[%emt 0:00:01]} O-O-O {[%emt 0:00:02]} 11. d3 {[%emt 0:00:02]} b6 {[%emt 0:00:03]} 12. Bd2 {[%emt 0:00:01]} Bc5 {[%emt 0:00:01]} 13. Qf4 {[%emt 0:00:05]} Bd6 {[%emt 0:00:03]} 14. Qc4 {[%emt 0:00:04]} Bb5 {[%emt 0:00:05]} 15. Qb3 {[%emt 0:00:03]} Rhe8 {[%emt 0:00:02]} 16. a4 {[%emt 0:00:08]} Bc6 {[%emt 0:00:02]} 17. c4 {[%emt 0:00:05]} a5 {[%emt 0:00:01]} 18. Qc2 {[%emt 0:00:02]} f5 {[%emt 0:00:13]} 19. Kd1 {[%emt 0:00:09]} g5 {[%emt 0:00:02]} 20. Re1 {[%emt 0:00:01]} g4 {[%emt 0:00:02]} 21. Nd4 {[%emt 0:00:04]} Bb7 {[%emt 0:00:04]} 22. Rxe8 {[%emt 0:00:09]} Rxe8 {[%emt 0:00:03]} 23. Nb5 {[%emt 0:00:02]} gxf3 {[%emt 0:00:05]} 24. gxf3 {[%emt 0:00:04]} Bxf3+ {[%emt 0:00:02]} 25. Kc1 {[%emt 0:00:02]} Bxh2 {[%emt 0:00:02]} 26. Qb3 {[%emt 0:00:16]} Rg8 {[%emt 0:00:04]} 27. Kc2 {[%emt 0:00:06]} Rg2 {[%emt 0:00:06]} 28. Re1 {[%emt 0:00:07]} Bf4 {[%emt 0:00:05]} 29. Na7+ {[%emt 0:00:12]} Kb7 {[%emt 0:00:05]} 30. Nb5 {[%emt 0:00:19]} Rxd2+ {[%emt 0:00:05]} 31. Kb1 {[%emt 0:00:03]} Bg3 {[%emt 0:00:06]} 32. Rc1 {[%emt 0:00:11]} Qe7 {[%emt 0:00:11]} 33. c5 {[%emt 0:00:03]} Qe3 {[%emt 0:00:10]} 34. cxb6 {[%emt 0:00:07]} Kxb6 {[%emt 0:00:07]} 35. Nd4+ {[%emt 0:00:15]} Ka6 {[%emt 0:00:09]} 36. Qb5+ {[%emt 0:00:10]} Ka7 {[%emt 0:00:06]} 37. Qxa5+ {[%emt 0:00:02]} Kb7 {[%emt 0:00:04]} 38. Qb5+ {[%emt 0:00:06]} Kc8 {[%emt 0:00:05]} 39. Qa6+ {[%emt 0:00:02]} Kd7 {[%emt 0:00:02]} 40. Qb5+ {[%emt 0:00:03]} c6 {[%emt 0:00:04]} 41. Qb7+ {[%emt 0:00:03]} Kd6 {[%emt 0:00:02]} 42. Qb4+ {[%emt 0:00:08]} c5 {[%emt 0:00:07]} 43. Qb6+ {[%emt 0:00:02]} Ke5 {[%emt 0:00:04]} 44. Nxf3+ {[%emt 0:00:10]} Qxf3 {[%emt 0:00:04]} 45. Qxc5+ {[%emt 0:00:06]} Kf4 {[%emt 0:00:03]} 46. Qd6+ {[%emt 0:00:09]} Kg4 {[%emt 0:00:03]} 47. Qd4+ {[%emt 0:00:04]} Bf4 {[%emt 0:00:04]} 48. Qg7+ {[%emt 0:00:03]} Bg5 {[%emt 0:00:03]} 49. Rg1+ {[%emt 0:00:03]} Kf4 {[%emt 0:00:04]} 50. Qd4+ {[%emt 0:00:03]} Qe4 {[%emt 0:00:05]} 51. Qd6+ {[%emt 0:00:01]} Qe5 {[%emt 0:00:02]} 52. Rf1+ {[%emt 0:00:01]} Ke3 {[%emt 0:00:04]} 53. Qxe5+ {[%emt 0:00:01]} Kxd3 {[%emt 0:00:02]} 54. Qxf5+ {[%emt 0:00:01]} Ke2 {[%emt 0:00:06]} 55. Qf2+ {[%emt 0:00:03]} Kd3 {[%emt 0:00:02]} 56. Qf5+ {[%emt 0:00:04]} Ke2 {[%emt 0:00:03]} 57. Rg1 {[%emt 0:00:03]} Be3 {[%emt 0:00:03]} 58. Rg2+ {[%emt 0:00:02]} Ke1 {[%emt 0:00:05]} 59. Rxd2 {[%emt 0:00:01]} Bxd2 {[%emt 0:00:02]} 60. Qxf7 {[%emt 0:00:01]} h5 {[%emt 0:00:02]} 61. Qxh5 {[%emt 0:00:01]} Kf2 {[%emt 0:00:02]} 62. Qh2+ {[%emt 0:00:02]} Ke3 {[%emt 0:00:01]} 63. Qxd2+ {[%emt 0:00:01]} Kxd2 {[%emt 0:00:01]} 64. a5 {[%emt 0:00:01]} Kd3 {[%emt 0:00:01]} 65. a6 {[%emt 0:00:01]} Kc4 {[%emt 0:00:00]} 66. a7 {[%emt 0:00:01]} Kc5 {[%emt 0:00:00]} 67. a8=Q {[%emt 0:00:02]} Kd6 {[%emt 0:00:03]} 68. Qe8 {[%emt 0:00:02]} Kc5 {[%emt 0:00:01]} 69. Kc2 {[%emt 0:00:01]} Kb4 {[%emt 0:00:01]} 70. Qc8 {[%emt 0:00:02]} Kb5 {[%emt 0:00:01]} 71. Kc3 {[%emt 0:00:01]} Ka4 {[%emt 0:00:01]} 72. b3+ {[%emt 0:00:02]} Ka3 {[%emt 0:00:02]} 73. Qa8# {[%emt 0:00:02] (Lag: Av=0.61s, max=1.2s) Mate} 1-0